|
|
|
|
| LEADER |
00000nab a2200000 a 4500 |
| 001 |
vtls000434163 |
| 003 |
SK-MaSNL |
| 005 |
20260302234023.0 |
| 008 |
150501c1991 xo 0 slo |
| 015 |
|
|
|a SNBRB19rr/mm-uuuuu
|
| 035 |
|
|
|a CL0434291
|
| 040 |
|
|
|a SNKBUCL
|b slo
|c SNKBUCL
|e AACR2
|
| 041 |
0 |
|
|a slo
|
| 044 |
|
|
|a xo
|c SK
|
| 080 |
|
|
|a 82:929:884
|2 1981
|
| 080 |
|
|
|a 929
|2 1981
|
| 080 |
|
|
|a 884
|2 1981
|
| 080 |
|
|
|a 929 Lem, Stanislav
|2 1981
|
| 100 |
1 |
|
|a Weigel, Pavel,
|d 1942-
|4 aut
|9 548267
|
| 245 |
1 |
0 |
|a Cez vesmír k človeku
|b Stanislav Lem - sedemdesiatročný
|c Pavel Weigel, Vlado Srpoň
|
| 300 |
|
|
|b Fot. 1.
|
| 600 |
1 |
7 |
|a Lem, Stanisław,
|d 1921-2006
|2 snkbucl
|9 218781
|
| 655 |
|
7 |
|a články z novín a časopisov
|2 snkbucl
|9 267496
|
| 655 |
|
7 |
|a články z odboru literárna veda a krásna literatúra
|2 snkbucl
|9 770045
|
| 700 |
1 |
|
|a Srpoň, Vladimír
|4 aut
|9 962533
|
| 773 |
0 |
|
|t Kultúrny život
|g Roč. 25, č. 42 (1991), s. 10
|
| 850 |
|
|
|a Slovenská národná knižnica v Martine
|a MTA001
|
| 852 |
|
|
|a SNK
|b KIS3GCP
|
| 958 |
|
|
|a RK
|
| 958 |
|
|
|a LX
|
| 958 |
|
|
|a PL
|
| 992 |
|
|
|a RBX
|
| 999 |
|
|
|c 1548721
|d 1550651
|